Agnès Obel- Artiste Aléatoire #1 - Statistiques

Statistiques générales
  • Ce quiz a été pris 6 fois
    5 depuis la dernière actualisation
  • Le résultat moyen est 24 sur 55
Statistiques - réponses
Albums
Musiques % Correct
Citizen of Glass Familiar
100%
Myopia Myopia
100%
Philharmonics Riverside
100%
Aventine Aventine
75%
Myopia Broken Sleep
75%
Citizen of Glass Citizen of Glass
75%
Aventine Dorian
75%
Citizen of Glass It's Happening Again
75%
Philharmonics Philarmonics
75%
Aventine September Song
75%
Aventine The Curse
75%
Philharmonics Avenue
50%
Myopia Camera's Rolling
50%
Myopia Can't Be
50%
Philharmonics Falling, Catching
50%
Aventine Fuel To Fire
50%
Citizen of Glass Golden Green
50%
Myopia Island Of Doom
50%
Philharmonics Just So
50%
Citizen of Glass Mary
50%
Aventine Pass Them By
50%
Myopia Roscian
50%
Aventine Run Cried the Crawling
50%
Citizen of Glass Stone
50%
Citizen of Glass Stretch Your Eyes
50%
Late Night Tales: Agnes Obel Stretch Your Eyes - Ambient Acappella
50%
Citizen of Glass Trojan Horses
50%
Aventine Words Are Dead
50%
Aventine (Deluxe Version) Arches
25%
Philharmonics Beast
25%
Late Night Tales: Agnes Obel Bee Dance
25%
Philharmonics Brother Sparrow
25%
Aventine Chord Left
25%
Philharmonics Close Watch
25%
Foe (Original Motion Picture Score) Disharmony
25%
Myopia Drosera
25%
Aventine Fivefold
25%
Late Night Tales: Agnes Obel Glemmer Du
25%
Citizen of Glass Grasshopper
25%
Foe (Original Motion Picture Score) Kamma
25%
Late Night Tales: Agnes Obel Late Night Tales: Agnes Obel- Continuous Mix
25%
Philharmonics Louretta
25%
Foe (Original Motion Picture Score) Mimoser
25%
Foe (Original Motion Picture Score) Mimoser (Cello Version)
25%
Philharmonics On Powdered Ground
25%
Philharmonics Over The Hill
25%
Myopia Parliament Of Owls
25%
Late Night Tales: Agnes Obel Poem About Death
25%
Myopia Promise Keeper
25%
Citizen of Glass Red Virgin Soil
25%
Aventine Smoke & Mirrors
25%
Aventine Tokka
25%
Aventine (Deluxe Version) Under Giant Trees
25%
Philharmonics Wallflower
25%
Myopia Won't You Call Me
25%
Aucun quiz correspondant
Distribution des résultats
% des personnes avec chaque résultat
Percentile par nombre de réponses
Votre historique - résultats
Vous n’avez pas pris ce quiz depuis la dernière actualisation